Urdu Ke Afsanvi Adab Mai Nasai Lab o Lehja / (Record no. 613039)

000 -LEADER
fixed length control field 00498nam a22001457a 4500
020 ## - INTERNATIONAL STANDARD BOOK NUMBER
International Standard Book Number 9789694031729
082 ## - DEWEY DECIMAL CLASSIFICATION NUMBER
Classification number 891.43909
Author Mark NUZ
245 ## - TITLE STATEMENT
Title Urdu Ke Afsanvi Adab Mai Nasai Lab o Lehja /
Statement of responsibility, etc. By: Dr.Nuzhat Abbasi
260 ## - PUBLICATION, DISTRIBUTION, ETC.
Place of publication, distribution, etc. کراچی:
Name of publisher, distributor, etc. انجمنِ اردو ترقی,
Date of publication, distribution, etc. 2013
300 ## - PHYSICAL DESCRIPTION
Extent 672P.;
563 ## - BINDING INFORMATION
Binding note Hardcover
880 ## - ALTERNATE GRAPHIC REPRESENTATION
Linkage 100-01\r
Title ڈاکٹر نُزہت عباسی
880 ## - ALTERNATE GRAPHIC REPRESENTATION
Linkage 245-02\r
Title اردو کے افسانوی ادب میں نسائی لب و لہجہ
942 ## - ADDED ENTRY ELEMENTS (KOHA)
Source of classification or shelving scheme
Koha item type Book
Holdings
Withdrawn status Lost status Source of classification or shelving scheme Damaged status Not for loan Permanent Location Current Location Date acquired Source of acquisition Total Checkouts Full call number Barcode Date last seen Price effective from Koha item type
          Central Library (CL) Central Library (CL) 02/28/2025 Donation   891.43909 NUZ CL-D-2675 03/07/2025 02/28/2025 Book
© 2023 Central Library, National University of Sciences and Technology. All Rights Reserved.